000 00287nam a2200097Ia 4500
008 220204s9999 xx 000 0 und d
082 _a339.5
_bIND
245 0 _aIndian cashew in international trade facts and figures
260 _aCochin
_bCashew Export Promotion council
_c1975
942 _cBK
999 _c24260
_d24260